Tầm vóc Phan Bội Châu trong lịch sử và lịch sử văn chương Việt Nam đầu thế kỷ XX /

محفوظ في:
التفاصيل البيبلوغرافية
المؤلف الرئيسي: Phong Lê.
التنسيق: مقال
اللغة:Vietnamese
الموضوعات:
الوسوم: إضافة وسم
لا توجد وسوم, كن أول من يضع وسما على هذه التسجيلة!
Thư viện lưu trữ: Thư viện Trường Đại học Đà Lạt
LEADER 00834nam a2200289 4500
001 DLU080063881
005 ##20081126
040 # # |a DLU  |b vie 
041 # # |a vie 
044 # # |a vn 
100 # # |a Phong Lê. 
245 # # |a Tầm vóc Phan Bội Châu trong lịch sử và lịch sử văn chương Việt Nam đầu thế kỷ XX /  |c Phong Lê. 
653 # # |a Lịch sử 
653 # # |a Phan Bội Châu 
653 # # |a Thế kỷ 20 
653 # # |a Thơ ca yêu nước 
773 # # |t Nghiên cứu văn học  |g Số 4, 2008, tr. 28-41. 
920 # # |a Phòng Tạp chí -- Trung tâm Thông tin - Thư viện Trường Đại học Đà Lạt 
933 # # |a VH 
994 # # |a DLU 
900 # # |a True 
911 # # |a Hoàng Thị Huyền 
925 # # |a G 
926 # # |a A 
927 # # |a BB 
980 # # |a Thư viện Trường Đại học Đà Lạt